Identifikácia a charakterizácia čistých kultúr vínnych kvasiniek
Guardado en:
| Autor principal: | |
|---|---|
| Otros Autores: | |
| Formato: | Manuscrito Libro |
| Lenguaje: | eslovaco |
| Publicado: |
2019
|
| Materias: | |
| Acceso en línea: | http://is.stuba.sk/zp/portal_zp.pl?podrobnosti=135808 |
| Etiquetas: |
Sin Etiquetas, Sea el primero en etiquetar este registro!
|
MARC
| LEADER | 00000ntm a22000003a 4500 | ||
|---|---|---|---|
| 001 | stuzp74546 | ||
| 003 | SK-STU | ||
| 005 | 20190622211825.9 | ||
| 007 | ta | ||
| 008 | 150427s2015----xo-----f-mn---000-0-slo-d | ||
| 040 | |a STU |b slo | ||
| 041 | 0 | |a slo | |
| 100 | 1 | |a Ondrigová, Anna |u 044000 |4 aut |U FCHPT Fakulta chemickej a potravinárskej technológie |T FCHPT Ústav biotechnológie |X 86791 |U C4000 |Y 102 |7 86791 | |
| 242 | 0 | 1 | |a Identification and characterization of axenic cultures of wine yeast |y eng |
| 245 | 1 | 0 | |a Identifikácia a charakterizácia čistých kultúr vínnych kvasiniek |
| 260 | |c 2019 | ||
| 650 | 4 | |a MALDI-TOF MS |2 slo | |
| 650 | 4 | |a víno |2 slo | |
| 650 | 4 | |a čisté kultúry kvasiniek |2 slo | |
| 650 | 4 | |a identifikácia kvasiniek |2 slo | |
| 650 | 4 | |a Saccharomyces cerevisiae |2 slo | |
| 650 | 4 | |a Saccharomyces cerevisiae |2 eng | |
| 650 | 4 | |a wine |2 eng | |
| 650 | 4 | |a pure yeast strains |2 eng | |
| 650 | 4 | |a identification of yeasts |2 eng | |
| 650 | 4 | |a MALDI-TOF MS |2 eng | |
| 700 | 1 | |a Furdíková, Katarína |u 044000 |k Z1 |4 ths |U FCHPT Fakulta chemickej a potravinárskej technológie |T FCHPT Ústav biotechnológie |X 42534 |U C4000 |Y 102 |7 A000042534 | |
| 856 | 4 | |u http://is.stuba.sk/zp/portal_zp.pl?podrobnosti=135808 | |